Normal view MARC view

Entry Personal Name

Number of records used in: 1

001 - CONTROL NUMBER

  • control field: 1007972

003 - CONTROL NUMBER IDENTIFIER

  • control field: OSt

005 - DATE AND TIME OF LATEST TRANSACTION

  • control field: 20260121154510.0

008 - FIXED-LENGTH DATA ELEMENTS

  • fixed length control field: 260121|| aca||aabn | a|a d

040 ## - CATALOGING SOURCE

  • Original cataloging agency: OSt
  • Transcribing agency: OSt

100 ## - HEADING--PERSONAL NAME

  • Personal name: Paul Teng; Tang Wee Teo; Aik-Ling Tan

670 ## - SOURCE DATA FOUND

  • Source citation: Work cat.: (OSt)1574793: Paul Teng; Tang Wee Teo; Aik-Ling Tan , STEM Education from Asia
Copyright @ Delhi University Library System